000 00676cam a2200229 a 4500
999 _c9029
_d9029
001 9029
003 BD - JhCC
005 20180314181437.0
008 180314s1950 nyu 000 0 eng d
035 _a(BD - JhCC)9029
040 _aIMR
_cIMR
_dBTCTA
_dYDXCP
_dDLC
_dBD - JhCC
041 _aeng
050 0 0 _aPS1603
_b.B35 2010
082 _a814.36
_bCOM 1950
245 _aThe complete essays and other writings of Ralph Waldo Emerson /
_cBrooks Atkinson
260 _aNew York :
_bThe Modern Library,
_c1950.
300 _axvi, 921 p. ;
_c17 cm.
600 _aEmerson, Ralph Waldo, 1803-1882
650 _aAmerican essays
700 _aAtkinson, Brooks
942 _2ddc
_cBK